Algal photosynthesis: the measurement of algal gas exchange by Richard J Geider and Bruce A Osborne (Record no. 1209107)
[ view plain ]
| 000 -LEADER | |
|---|---|
| fixed length control field | 01137nam a2200325Ia 4500 |
| 003 - CONTROL NUMBER IDENTIFIER | |
| control field | OSt |
| 005 - DATE AND TIME OF LATEST TRANSACTION | |
| control field | 20221007121633.0 |
| 008 - FIXED-LENGTH DATA ELEMENTS--GENERAL INFORMATION | |
| fixed length control field | 221006b |||||||| |||| 00| 0 eng d |
| 020 ## - INTERNATIONAL STANDARD BOOK NUMBER | |
| International Standard Book Number | 0412023512 |
| 037 ## - SOURCE OF ACQUISITION | |
| Terms of availability | Textual |
| 040 ## - CATALOGING SOURCE | |
| Original cataloging agency | BDL |
| Transcribing agency | BDL |
| Language of cataloging | eng |
| 041 ## - LANGUAGE CODE | |
| Source of code | eng |
| Language code of text/sound track or separate title | eng |
| 100 ## - MAIN ENTRY--PERSONAL NAME | |
| Personal name | Geider Richard J |
| 9 (RLIN) | 712635 |
| 245 #0 - TITLE STATEMENT | |
| Title | Algal photosynthesis: the measurement of algal gas exchange by Richard J Geider and Bruce A Osborne |
| Remainder of title | Osborne Bruce A |
| 260 ## - PUBLICATION, DISTRIBUTION, ETC. | |
| Place of publication, distribution, etc. | New |
| Name of publisher, distributor, etc. | York Chapman and Hall |
| Date of publication, distribution, etc. | 1992 |
| 300 ## - PHYSICAL DESCRIPTION | |
| Extent | 256p |
| Dimensions | cm. |
| 490 ## - SERIES STATEMENT | |
| Series statement | Current phycology |
| 500 ## - GENERAL NOTE | |
| General note | ^mPurchase^n23/CSL/Carb/94-95/2410^d1995-02-08; ; 94-95/649^b1995-03-13^c11253/94^d1995-03-07^ePanima Educational Book Agency; ; 1995-03-15^bSB^c1995-03-29^dSB |
| 650 ## - SUBJECT ADDED ENTRY--TOPICAL TERM | |
| Topical term or geographic name entry element | Algae |
| 650 ## - SUBJECT ADDED ENTRY--TOPICAL TERM | |
| Topical term or geographic name entry element | Photosynthesis |
| 9 (RLIN) | 473878 |
| 650 ## - SUBJECT ADDED ENTRY--TOPICAL TERM | |
| Topical term or geographic name entry element | Physiology |
| 650 ## - SUBJECT ADDED ENTRY--TOPICAL TERM | |
| Topical term or geographic name entry element | Botany |
| 700 ## - ADDED ENTRY--PERSONAL NAME | |
| Personal name | Osborne Bruce A |
| 9 (RLIN) | 712636 |
| 942 ## - ADDED ENTRY ELEMENTS (KOHA) | |
| Classification part | I22:33;C5, N2 |
| Koha item type | Textual |
| Source of classification or shelving scheme | Colon Classification (CC) |
| Withdrawn status | Lost status | Source of classification or shelving scheme | Damaged status | Not for loan | Home library | Current library | Date acquired | Source of acquisition | Total Checkouts | Full call number | Barcode | Date last seen | Price effective from | Koha item type |
|---|---|---|---|---|---|---|---|---|---|---|---|---|---|---|
| Colon Classification (CC) | Department of Botany Library | Department of Botany Library | 2022-10-07 | Panima, | I22:33;C5 N2 | BD0004445 | 2022-10-07 | 2022-10-07 | Textual |
